|
|
|
|
| LEADER |
00000nam2a2200000 4500 |
| 001 |
42121 |
| 005 |
20231101210729.0 |
| 010 |
|
|
|a 502030803X
|
| 035 |
|
|
|a (RuTPU)RU\TPU\book\43306
|
| 090 |
|
|
|a 42121
|
| 100 |
|
|
|a 20020801d2002 m y0rusy50 ca
|
| 101 |
1 |
|
|a rus
|
| 102 |
|
|
|a RU
|
| 105 |
|
|
|a a j 001zy
|
| 200 |
0 |
|
|a Ч. 2. Органическая и физическая химия
|
| 210 |
|
|
|d 2002
|
| 215 |
|
|
|a 326 с.
|c ил.
|
| 320 |
|
|
|a Предм. указ.: с. 320-325.
|
| 461 |
|
1 |
|0 (RuTPU)RU\TPU\book\44055
|y 5-02-030801-3
|t Практикум по общей химии
|o Пер. с нем.
|e 2-е изд.,перераб.
|a Фишер, Ханс
|
| 461 |
|
|
|t Вводный курс по экологически безопасной программе с экспериментами по регенерации химических реактивов
|f Х. Фишер
|v Ч.2: Органическая и физическая химия
|
| 606 |
1 |
|
|a Химия общая
|2 stltpush
|3 (RuTPU)RU\TPU\subj\67862
|9 83510
|
| 606 |
1 |
|
|a Физическая химия
|2 stltpush
|3 (RuTPU)RU\TPU\subj\67669
|9 83390
|
| 606 |
1 |
|
|a Органическая химия
|2 stltpush
|3 (RuTPU)RU\TPU\subj\47309
|9 66362
|
| 610 |
1 |
|
|a органические соединения
|
| 610 |
1 |
|
|a органические реакции
|
| 610 |
1 |
|
|a препараты
|
| 610 |
1 |
|
|a кинетика
|
| 610 |
1 |
|
|a электрохимия
|
| 610 |
1 |
|
|a оптическая спектроскопия
|
| 610 |
1 |
|
|a физико-химические эксперименты
|
| 610 |
1 |
|
|a красители
|
| 610 |
1 |
|
|a полимеры
|
| 610 |
1 |
|
|a реактивы
|
| 610 |
1 |
|
|a неорганические соединения
|
| 610 |
1 |
|
|a вредные вещества
|
| 610 |
1 |
|
|a техника безопасности
|
| 610 |
1 |
|
|a точка кипения
|
| 610 |
1 |
|
|a вакуумная перегонка
|
| 610 |
1 |
|
|a практикумы
|
| 610 |
1 |
|
|a учебные пособия
|
| 675 |
|
|
|a 54(076.5)
|v 3
|
| 675 |
|
|
|a 547(076.5)
|v 3
|
| 675 |
|
|
|a 544(076.5)
|v 3
|
| 801 |
|
1 |
|a RU
|b 63413507
|c 20020801
|g PSBO
|
| 801 |
|
2 |
|a RU
|b 63413507
|c 20140526
|g PSBO
|
| 942 |
|
|
|c BK
|